1504 1779 1755 1711 1093 1567 1490 1096 1762 1903 1500 1734 1360 1131 1963 1058 1433 1479 1117 1442 1690 1504 1636 1388 1079 1501 1092 1493 1673 1654 1487 1102 1549 1109 1772 1879 1562 1642 1984 1594 1321 1642 1330 1866 1760 1638 1231 1168 1321 1447 1831 1554 1708 1590 1225 1754 1279 1961 1530 1612 1346 1536 1990 1357 1982 1404 1129 1204 1153 1528 1978 1927 1677 1865 1714 1495 1726 1637 1736 1027 1798 1529 1389 1765 1527 1922 1574 1761 1736 1457 1101 1509 1983 1543 1139 1435 1001 1866 1699 BCNSPRNW ULIB Ver.6.0+V

เปลี่ยนเป็นภาษาไทย

Change to English
 แสดงรายละเอียดบรรณานุกรม
  กลับหน้าหลัก

Brief Record : Get Marc (ISO 2709) : E-mail record : QR code < ปิดหน้าต่าง
LEADER : 00000nam 2200000uu 4500
001    13399112900
003     ULIB
008    110916s2550||||th 000 0 tha d
020    9789747503074
090    นว.^bย231ห 2550
100 0  yayoi
245 00 หนึ่งจันทร์กลางใจ/^cyayoi
250    พิมพ์ครั้งที่ 3
260    กรุงเทพฯ :^bแจ่มใส,^c2550
300    477 หน้า
945    ^p279^l0^i14058
995    กัณชพร
999    ^aใช้งานได้ทุกระบบ
รายการนี้ยังไม่มีแท็ก
คุณยังไม่ได้ล็อกอิน คุณสามารถมีกิจกรรมร่วมกับเว็บไซต์ได้ แต่ต้องล็อกอินก่อน ::
  ล็อกอิน

รายการสื่อสารสนเทศ

ลำดับที่ ประเภท เลขเรียก/บาร์โค้ด สถานที่ สถานะ
1. วิทยาศาสตร์การแพทย์ และสุขภาพ
วิทยาศาสตร์การแพทย์ และสุขภาพ
นว. ย231ห 2550  
  Barcode: 14058
ห้องสมุดวิทยาเขตสวรรค์ประชารักษ์
►นวนิยาย
บนชั้น
  ขอยืม

รายการใกล้เคียง
    ผู้แต่ง [yayoi]

BibComment


ยังไม่เคยถูกคอมเมนท์

คอมเมนท์ทรัพยากรรายการนี้
  คอมเมนท์: หนึ่งจันทร์กลางใจ..


 Copyright 2026. Bcnsprnw @Library